[Event "Jakarta Telin op"]
[Site "Jakarta"]
[Date "2011.04.06"]
[Round "8"]
[White "Khairul, Anam"]
[Black "Abubakar, Nurdin"]
[Result "0-1"]
[WhiteElo "2319"]
[BlackElo "2167"]
[PlyCount "62"]
[EventDate "2011.04.01"]
[EventType "swiss"]
[EventRounds "9"]
[EventCountry "INA"]
[SourceTitle "CBM 141 Extra"]
[Source "ChessBase"]
[SourceDate "2011.05.03"]
[SourceVersion "1"]
[SourceVersionDate "2011.05.03"]
[SourceQuality "1"]

1. d4 Nf6 2. c4 e6 3. Nc3 Bb4 4. f3 Bxc3+ 5. bxc3 d6 6. e4 Nc6 7. Bd3 e5 8. Be3 Nd7 9. f4 Qf6 10. Ne2 Qh4+ 11. g3 Qh3 12. Qd2 f6 13. Ng1 Qh5 14. Qe2 Qxe2+ 15. Kxe2 b6 16. Nf3 Ba6 17. Nd2 Na5 18. f5 0-0-0 19. g4 Rhe8 20. h4 Re7 21. Rhg1 exd4 22. cxd4 Rde8 23. g5 c5 24. d5 Ne5 25. Rac1 Nxd3 26. Kxd3 b5 27. cxb5 Bxb5+ 28. Kc3 Nc4 29. Nxc4 Bxc4 30. Kxc4 Rxe4+ 31. Kb5 Rb4+ 0-1